000
00208 a2200097 4500
001
6003
100
_a
Mccormick, E M
245
_a
Digital computer primer
260
_a
_b
McGraw-Hill
_c
090
_c
4907
_d
4907
942
_a
NUST-CAE
_c
M
_c
31275
999
_c
241076
_d
241076